[Event "Landesliga U20 Sued 1516"]
[Site "Bayern"]
[Date "2015.11.21"]
[Round "1.3"]
[White "Kessler, Jan"]
[Black "Steininger, Rupert"]
[Result "1-0"]
[WhiteElo "1820"]
[BlackElo "1499"]
[PlyCount "81"]
[EventDate "2015.11.21"]
[EventType "team-tourn"]
[EventRounds "7"]
[EventCountry "GER"]
[SourceTitle "EXT 2022"]
[Source "ChessBase"]
[SourceDate "2021.10.06"]
[SourceVersion "1"]
[SourceVersionDate "2021.10.06"]
[SourceQuality "1"]
[WhiteTeam "Unterhaching U20"]
[BlackTeam "Muenchen Suedost SK U20 II"]
[WhiteTeamCountry "GER"]
[BlackTeamCountry "GER"]

1. d4 e6 2. c4 d5 3. Nc3 c5 4. dxc5 Bxc5 5. cxd5 exd5 6. Qxd5 Qxd5 7. Nxd5 Bd6 8. Bf4 Bxf4 9. Nxf4 Nf6 10. g3 Bd7 11. Bg2 Nc6 12. Nf3 0-0 13. 0-0 Rac8 14. Rfd1 Rc7 15. Rac1 Rfc8 16. a3 Na5 17. Rxc7 Rxc7 18. Nd5 Nxd5 19. Rxd5 h6 20. Rxa5 Rc1+ 21. Bf1 Bh3 22. Nd2 a6 23. f4 Bxf1 24. Nxf1 Rc2 25. Kf2 Rxb2 26. Rd5 Ra2 27. Rd3 b5 28. Kf3 a5 29. h3 g6 30. e4 Ra1 31. Ne3 h5 32. Rb3 Kg7 33. Rxb5 Rxa3 34. h4 a4 35. Ra5 Kh6 36. f5 gxf5 37. Rxf5 Kg6 38. Kf4 Ra2 39. Rg5+ Kh6 40. Nf5+ Kh7 41. Rg7+ 1-0

[Event "Landesliga U20 Sued 1314"]
[Site "Bayern"]
[Date "2013.11.16"]
[Round "1.3"]
[White "Koehler, Max"]
[Black "Kessler, Jan"]
[Result "1-0"]
[WhiteElo "1704"]
[BlackElo "1820"]
[PlyCount "117"]
[EventDate "2013.11.16"]
[EventType "team-tourn"]
[EventRounds "7"]
[EventCountry "GER"]
[SourceTitle "EXT 2022"]
[Source "ChessBase"]
[SourceDate "2021.10.06"]
[SourceVersion "1"]
[SourceVersionDate "2021.10.06"]
[SourceQuality "1"]
[WhiteTeam "Muenchen Tarrasch U20"]
[BlackTeam "Unterhaching U20"]
[WhiteTeamCountry "GER"]
[BlackTeamCountry "GER"]

1. e4 e6 2. d4 d5 3. exd5 exd5 4. Bd3 Nf6 5. Bf4 Bd6 6. Bxd6 Qxd6 7. c3 0-0 8. Ne2 Bg4 9. f3 Bh5 10. 0-0 Nbd7 11. Re1 Rfe8 12. Nd2 Re7 13. Ng3 Rxe1+ 14. Qxe1 Bg6 15. Nf5 Bxf5 16. Bxf5 Re8 17. Qf2 Nb6 18. Bc2 Qe6 19. Kf1 Kf8 20. Re1 Qxe1+ 21. Qxe1 Rxe1+ 22. Kxe1 Ke7 23. Ke2 Ne8 24. b3 Nd6 25. Bd3 Nd7 26. c4 c6 27. a4 a5 28. cxd5 cxd5 29. Ke3 Nf8 30. Nb1 Ne8 31. Nc3 Nc7 32. f4 h6 33. Na2 Kd6 34. f5 Nd7 35. Kf4 Nb8 36. Bb5 Nxb5 37. axb5 Nd7 38. g4 Nf6 39. Nc3 Ng8 40. h4 Ne7 41. g5 h5 42. f6 gxf6 43. gxf6 Ng8 44. Kg5 Ke6 45. Kxh5 Nxf6+ 46. Kg5 Ng8 47. h5 f5 48. Ne2 Ne7 49. h6 Kf7 50. Ng3 f4 51. Kxf4 Kg6 52. Ke5 Kxh6 53. Nf5+ Nxf5 54. Kxf5 Kg7 55. Ke6 Kf8 56. Kd7 Kf7 57. Kc7 Ke7 58. Kxb7 Kd7 59. Ka7 1-0